00342nam a2200133Ia 4500008004100000041000800041082001700049100001900066245003900085250001400124260002900138300003000167365001100197240624s9999 xx 000 0 und d aeng a658.4012 HUN aHUNGER J DAVID aESSENTIALS OF STRATEGIC MANAGEMENT a(5th ed.) c2015aNew DelhibPearson axv, : 190 : p. : cm. ; 26 cRSb33